| 000 | 00501nam a2200157Ia 4500 | ||
|---|---|---|---|
| 008 | 100122s9999 xx 000 0 und d | ||
| 082 |
_b38794 _a520 |
||
| 100 | _aपरांजपे सुरेश | ||
| 245 | _aआकाश दैनंदिनी | ||
| 260 |
_bपृथ्वी प्रकाशन _c1905 |
||
| 300 | _a35 | ||
| 630 | _aआकाश दैनंदिनी | ||
| 700 | _aमोने हेमंत | ||
| 730 | _aआकाश दैनंदिनी | ||
| 942 | _cBOOK | ||
| 999 |
_c420756 _d420753 |
||